000 00810nam a2200253Ia 4500
003 OSt
005 20220925203427.0
006 a|||||r|||| 00| 0
007 ta
008 220923b |||||||| |||| 00| 0 eng d
020 _a9781487003960
_c2383.05
037 _b2195, 06/12/2019, Dhanraj Book House
_cGeneral Book
040 _aRTL
_cRTL
_beng
041 _2eng
_aeng
082 _aY73v.791, Q9
100 _aCORONIL Fernando
_9235529
245 0 _aFernando Coronil reader
_b The struggle for life is the matter
260 _aDurham
_bDuke University Press
_c2019
300 _a462p.
_ccm.
500 _aBibliography: p 197-205
650 _aSociology
942 _hY73v.791, Q9
_cGB
_2CC
999 _c546386
_d546386